مكتبة جامعة عجلون الوطنية

فهرس بحث المكتبة

Normal view MARC view
  • المناذرة-مملكة الحيرة 633-226-الشعر العربي-الحضارة العربية-العصر الجاهلي

Entry Topical Term

Number of records used in: 1

001 - CONTROL NUMBER

  • control field: 62742

003 - CONTROL NUMBER IDENTIFIER

  • control field: JO-AjAnu

005 - DATE AND TIME OF LATEST TRANSACTION

  • control field: 20230606084239.0

008 - FIXED-LENGTH DATA ELEMENTS

  • fixed length control field: 230606|| aca||aabn | a|a d

040 ## - CATALOGING SOURCE

  • Original cataloging agency: JO-AjAnu
  • Transcribing agency: JO-AjAnu

150 ## - HEADING--TOPICAL TERM

  • Topical term or geographic name entry element: المناذرة-مملكة الحيرة 633-226-الشعر العربي-الحضارة العربية-العصر الجاهلي

670 ## - SOURCE DATA FOUND

  • Source citation: Work cat.: (JO-AjAnu)31993: بوعياد، نزهة, author 62741, إمارة المناذرة أول ملك عربي بالحيرة: دراسة تاريخية